000 00210nam a2200109Ia 4500
100 _aNATALIE/ROGER
942 _cBK
245 _aHOW TO SPEAK WITHOUT FEAR
260 _b#N/A
546 _aENGLISH
999 _c33954
_d33954